00346nam a2200133Ia 4500008004100000020001800041082001700059100001600076245005100092250000800143260003700151300000900188650001500197191201s2004 xx 000 0 und d a9789356062191 a629.892bCRI aCRAIG, John 0aIntroduction to Robotics Mechanics and Control a4th aN.DelhibPearson Educationc2025 a446p aB.Tech(ME)